|
|
|
|
| LEADER |
00000cam a2200000 a 4500 |
| 001 |
74205 |
| 003 |
Ucuenca |
| 005 |
20240102220008.0 |
| 008 |
000000|1969 mx |||||r|||||||||||spa|| |
| 040 |
|
|
|b spa
|
| 041 |
1 |
|
|a spa
|
| 082 |
0 |
|
|a 516.3
|
| 100 |
1 |
|
|a Lehmann, Charles H.
|9 38043
|
| 245 |
|
|
|a Geometría analítica
|c Charles H. Lehmann. Traductor Rafael García Díaz
|h imp
|
| 264 |
|
|
|a México
|b Hispano Americana
|c 1969
|
| 300 |
|
|
|a xiv, 494 páginas:
|b ilu
|c 22 cm
|
| 504 |
|
|
|a incl. ref.
|
| 650 |
|
0 |
|a Geometría analítica
|9 12790
|
| 852 |
|
|
|a UC-CDJBV
|f Compra
|l 1
|m General
|p 00000000
|q 125,00
|r 2
|t 74205
|b 0
|d CDRC
|e CDRC
|g 516.3 SEGUNDO PISO
|z 0000-00-00
|
| 942 |
|
|
|c BK
|0 24
|
| 999 |
|
|
|c 27772
|d 27772
|